000
00292nam a22001097a 4500
082
_a
503.21 MCG'I
100
_a
INTERNATIONAL
_9
56702
245
_a
MCGRAW HILL ENCYLOPEDIA OF SCINCE AND TECHNOLOGY VOLUME - 10 PER-PROJ
260
_a
NEWYORK
_b
MCGRAW HILL
_c
1966
300
_a
647P
942
_c
BK
999
_c
567066
_d
567066